000248605 001__ 248605
000248605 005__ 20260201182749.0
000248605 022__ $$2(DE-600)3041654-1$$a2673-6640
000248605 022__ $$a1022-6699$$l1022-6699
000248605 022__ $$a1422-0644$$l2673-2319
000248605 022__ $$a2297-8712$$l2673-6640
000248605 022__ $$a2673-2319
000248605 022__ $$a2673-2327
000248605 022__ $$a2673-4249
000248605 022__ $$a2673-6640
000248605 0247_ $$2ZDBID$$aPERI:(DE-600)3041681-4
000248605 0247_ $$2ZDBPPN$$aZDPPN:1219588245
000248605 0247_ $$2EZBID$$aPERI:(DE-606)84632
000248605 0247_ $$2EZBID$$aPERI:(DE-606)84632
000248605 0247_ $$2OCLC$$aOCLC:1235718374
000248605 0247_ $$2SCOPUS$$aSCOPUS:40075
000248605 0247_ $$2Medline$$amedline:9431737
000248605 0247_ $$2SCOPUS$$aSCOPUS:20347
000248605 0247_ $$2SCOPUS$$aSCOPUS:21101050070
000248605 0247_ $$2SCOPUS$$aSCOPUS:21100927247
000248605 035__ $$aPERI:(DE-600)3041681-4
000248605 040__ $$a4002$$bger$$cDE-101$$dJOIN²$$eJOIN² journal identification
000248605 041__ $$aeng
000248605 044__ $$cXA-CH
000248605 082__ $$223sdnb$$a796$$qDE-600
000248605 08274 $$223sdnb$$a796$$qDE-600
000248605 2100_ $$2iso$$aSchweiz Z Med Traumatol
000248605 2100_ $$2dnlm$$aSchweiz Z Med Traumatol
000248605 2100_ $$2iso$$aSchweiz Z Med Traumatol
000248605 24220 $$2DE-600$$aSEMS-journal$$yen
000248605 24220 $$2DE-600$$aSEMS-journal
000248605 245__ $$2DE-600$$aSEMS-journal$$honline, print
000248605 2463_ $$2DE-600$$aSEMS-journal
000248605 2463_ $$aSwiss sports & exercise medicine
000248605 2463_ $$2DE-600$$aSEMS-journal
000248605 260__ $$aBerne$$brubmedia AG$$c2020-
000248605 26431 $$aBerne$$brubmedia AG$$c2020-
000248605 3620_ $$2DE-600$$aVolume 68, 3 (2020)-
000248605 36301 $$2DE-600$$81.1\x$$a68$$b3$$i2020
000248605 380__ $$2marcgt$$ajournal
000248605 500__ $$aAutomatically generated record. (Updated: 2025-11-05)
000248605 650_7 $$0ASJC:2739$$2ASJC$$aPublic Health, Environmental and Occupational Health
000248605 650_7 $$0ASJC:3612$$2ASJC$$aPhysical Therapy, Sports Therapy and Rehabilitation
000248605 650_7 $$0ASJC:2732$$2ASJC$$aOrthopedics and Sports Medicine
000248605 65310 $$2EZB-Subject$$aSports Science
000248605 65310 $$2EZB-Subject$$aMedicine
000248605 65310 $$2EZB-Keyword$$aSportmedizin
000248605 7102_ $$0(DE-101)1219586099$$2gnd$$4isb$$aSport & Exercise Medicine Switzerland SEMS$$eHerausgebendes Organ
000248605 77608 $$2DE-600$$dBern : rubmedia AG, 2020-$$iErscheint auch als$$nDruck-Ausgabe$$tsems-journal$$w(DE-600)3041654-1$$x2673-6640
000248605 78000 $$2DE-600$$d[Bern : Rub Media AG], [2016]-2020$$hOnline-Ressource$$iFortsetzung von$$tSwiss sports & exercise medicine$$w(DE-600)2852374-X
000248605 8564_ $$d0$$uhttps://ezb.ur.de/?3041681-4$$yEZB
000248605 8564_ $$d0$$uhttps://sems-journal.ch/issue$$yVerlag = kostenfrei
000248605 8801_ $$2DE-600$$aSEMS-journal
000248605 909CO $$ooai:juser.fz-juelich.de:913957$$pauthority$$pauthority:PERI
000248605 909CO $$ooai:juser.fz-juelich.de:913957
000248605 915__ $$0StatID:(DE-HGF)0200$$2StatID$$aDBCoverage$$bSCOPUS$$d2025-11-05
000248605 915__ $$0StatID:(DE-HGF)0300$$2StatID$$aDBCoverage$$bMedline$$d2025-11-05
000248605 936__ $$aenglisch mit deutschen u. französischen abstracts
000248605 980__ $$aPERI
000248605 980__ $$aAUTHORITY